Náuka o materiáli a zvariteľnosť ocelí. /

Uložené v:
Podrobná bibliografia
Hlavní autori: Bernasovský, Peter (Author), Blecha, Alojz (Author), Bošanský, Ján (Author), Magula, Vladimír (Author)
Médium: Kniha
Jazyk:Slovak
Vydané: Bratislava : Weldtech, 1996.
Vydanie:1. vyd.
Edícia:Učebnice pre kurzy technológov zvárania č. 13
Témy:
ISBN: 8088734193 (brož.)
Fyzický popis: 115 s. : grafy, il., tab. ; 21 cm.
Tagy: Pridať tag
Žiadne tagy, Buďte prvý kto otaguje tento záznam!

MARC

LEADER 00000nam a2200000 a 4500
001 000054521
003 SVKK
005 20140128132432.0
008 960520s1996 xo adl e p 000 0 slo d
020 |a 8088734193 (brož.) 
040 |a SVKKK  |b slo  |c SVKKK  |e AACR2 
041 0 |a slo 
044 |a xo  |c SK 
072 7 |a 621  |x Strojárstvo  |2 konspekt 
072 7 |a 37.016  |x Učebné osnovy. Vyučovacie predmety. Učebnice  |2 konspekt 
080 |a 621.791.011:669.14  |2 2001 
080 |a (075)  |2 2001 
245 0 0 |a Náuka o materiáli a zvariteľnosť ocelí. /  |c Peter Bernasovský ... [et al.]. 
250 |a 1. vyd. 
260 |a Bratislava :  |b Weldtech,  |c 1996. 
300 |a 115 s. :  |b grafy, il., tab. ;  |c 21 cm. 
490 1 |a Učebnice pre kurzy technológov zvárania  |v č. 13 
504 |a Skratky: s. 5-6; bibliografia: s. 115 
650 0 7 |a oceľ  |2 SVKKKPH 
650 0 7 |a zvariteľnosť  |2 SVKKKPH 
655 7 |a učebnice  |2 SVKKKPH 
700 1 |a Bernasovský, Peter  |4 aut 
700 1 |a Blecha, Alojz  |4 aut 
700 1 |a Bošanský, Ján  |4 aut 
700 1 |a Magula, Vladimír  |4 aut 
830 0 |a Učebnice pre kurzy technológov zvárania  |v č. 13 
910 |a svkkk 
919 |a 80-88734-19-3 
974 |a MI  |d 19960927 
974 |a PA  |d 19960917 
974 |a MI  |d 19990628 
998 |a BK 
090 |g SCKHL  |k Sklad  |a III.172573  |j 895645  |i 2720087696  |s Strata 
090 |g SCKHL  |k Sklad Pribinova prízemie  |a IV.172963  |j 898903  |i 2720275603  |s Absenčne 
090 |g SCKHL  |k Sklad Pribinova prízemie  |a IV.172964  |j 898904  |i 2720044517  |s Absenčne 
090 |g SCKHL  |k Sklad Pribinova prízemie  |a IV.172965  |j 898905  |i 2720153910  |s Absenčne 
090 |g SCKHL  |k Sklad Hlavná 10 prízemie  |a III.227596  |j 1049678  |i 2720293247  |s Absenčne